| 000 | 00646nam a22002057a 4500 | ||
|---|---|---|---|
| 003 | OSt | ||
| 005 | 20260609100019.0 | ||
| 008 | 260609b |||||||| |||| 00| 0 eng d | ||
| 020 | _a1930556691 | ||
| 040 | _cChuka University Library | ||
| 050 | _aLB 1775 .W4 2004 | ||
| 100 |
_aWhitaker, Todd _927749 |
||
| 245 | _aWhat Great Teachers Do Differently; Fourteen Things That Matters Most | ||
| 260 |
_aLarchmont, NY 10538 _bEye on Educaction _c2004 |
||
| 300 | _aVarious Paging | ||
| 650 |
_aTeacher effectiveness _927750 |
||
| 650 |
_aEffectiveness Teaching _927751 |
||
| 650 |
_aTeacher-Student Relationships _927752 |
||
| 942 |
_2lcc _cBK _n0 |
||
| 999 |
_c23571 _d23571 |
||